[Event "Girona Provincial-ch"]
[Site "Girona"]
[Date "2011.11.13"]
[Round "6"]
[White "Vilanova Olmedo, Ignasi"]
[Black "Colls Bosch, Emilio"]
[Result "0-1"]
[WhiteElo "1730"]
[BlackElo "2063"]
[PlyCount "36"]
[EventDate "2011.10.09"]
[EventType "swiss"]
[EventRounds "9"]
[EventCountry "ESP"]
[SourceTitle "EXT 2013"]
[Source "ChessBase"]
[SourceDate "2012.11.22"]
[SourceVersion "1"]
[SourceVersionDate "2012.11.22"]
[SourceQuality "1"]

1. e4 Nf6 2. e5 Nd5 3. d4 d6 4. c4 Nb6 5. exd6 exd6 6. Nc3 Nc6 7. Be3 Be7 8. Be2 0-0 9. Nf3 Bf6 10. 0-0 Bg4 11. Rc1 Bxf3 12. gxf3 d5 13. c5 Nc8 14. a3 N8e7 15. Bd3 Qd7 16. b4 Nf5 17. b5 Nh4 18. Nxd5 Qh3 0-1

[Event "Llinars del Valles op-A 5th"]
[Site "Llinars del Valles"]
[Date "2011.05.21"]
[Round "4"]
[White "Vilanova Olmedo, Ignasi"]
[Black "Corrales Adamuz, Cristian"]
[Result "1-0"]
[WhiteElo "1693"]
[BlackElo "1883"]
[PlyCount "97"]
[EventDate "2011.04.30"]
[EventType "swiss"]
[EventRounds "7"]
[EventCountry "ESP"]
[SourceTitle "EXT 2012"]
[Source "ChessBase"]
[SourceDate "2011.11.24"]
[SourceVersion "1"]
[SourceVersionDate "2011.11.24"]
[SourceQuality "1"]

1. e4 e5 2. f4 d6 3. Nf3 Nc6 4. Bc4 Be7 5. Nc3 Bg4 6. 0-0 Nd4 7. Bxf7+ Kf8 8. Nxd4 exd4 9. Qxg4 dxc3 10. Bxg8 cxd2 11. Bxd2 Kxg8 12. Bc3 Qf8 13. e5 h5 14. Qg3 Rh6 15. Rae1 Kh7 16. f5 dxe5 17. Bxe5 Bd6 18. Bxd6 Qxd6 19. Qxd6 Rxd6 20. Re7 Rf8 21. Rxc7 Rb6 22. b3 Rff6 23. a4 a6 24. h3 Rb4 25. Re7 b6 26. Re5 Rd4 27. Rf2 Rd1+ 28. Kh2 Rd4 29. Kg3 h4+ 30. Kf3 g5 31. Ke3 Rd1 32. Ke2 Rfd6 33. Ke3 Rf6 34. Rd2 Re1+ 35. Kd4 Rf1 36. Kc3 R1xf5 37. Rxf5 Rxf5 38. b4 Rf6 39. b5 axb5 40. axb5 Kg6 41. Kb4 Rf4+ 42. c4 Kf5 43. Rd5+ Kf6 44. Rd6+ Ke7 45. Rxb6 Rf2 46. Rb7+ Kd8 47. b6 Rxg2 48. Rg7 Kc8 49. Kc5 1-0

[Event "Catalunya-ch U14"]
[Site "Vila Seca"]
[Date "2011.04.17"]
[Round "2"]
[White "Ventura Bolet, Maxim"]
[Black "Vilanova Olmedo, Ignasi"]
[Result "1-0"]
[WhiteElo "1987"]
[BlackElo "1693"]
[PlyCount "51"]
[EventDate "2011.04.16"]
[EventType "swiss"]
[EventRounds "8"]
[EventCountry "ESP"]
[SourceTitle "EXT 2015"]
[Source "ChessBase"]
[SourceDate "2014.11.20"]
[SourceVersion "1"]
[SourceVersionDate "2014.11.20"]
[SourceQuality "1"]

1. c4 b6 2. Nc3 Bb7 3. e4 e6 4. g3 Nf6 5. Bg2 Be7 6. Nge2 0-0 7. 0-0 c5 8. h3 d6 9. d3 Nc6 10. Be3 a6 11. f4 Na7 12. a4 Qc7 13. g4 Rfd8 14. f5 d5 15. e5 Ne8 16. cxd5 exd5 17. Bf4 Qc8 18. d4 cxd4 19. Nxd4 Nc6 20. Nce2 Nxd4 21. Nxd4 Bc5 22. Rc1 Qd7 23. Kh1 Nc7 24. e6 fxe6 25. Bxc7 Qxc7 26. b4 1-0

[Event "Figueres op 11th"]
[Site "Figueres"]
[Date "2010.08.15"]
[Round "6"]
[White "Vilanova Olmedo, Ignasi"]
[Black "Cano Egea, Joan Manuel"]
[Result "1-0"]
[WhiteElo "1687"]
[BlackElo "1441"]
[PlyCount "63"]
[EventDate "2010.08.11"]
[EventType "swiss"]
[EventRounds "9"]
[EventCountry "ESP"]
[SourceTitle "CBM 137 Extra"]
[Source "ChessBase"]
[SourceDate "2010.09.01"]
[SourceVersion "1"]
[SourceVersionDate "2010.09.01"]
[SourceQuality "1"]

1. d4 d5 2. Nf3 Nf6 3. e3 e6 4. Bd3 Be7 5. Nbd2 0-0 6. 0-0 b6 7. e4 dxe4 8. Nxe4 Bb7 9. Nxf6+ Bxf6 10. c3 Nd7 11. Ne5 Nxe5 12. dxe5 Bxe5 13. Bxh7+ Kxh7 14. Qh5+ Kg8 15. Qxe5 Qd5 16. Qg3 Rad8 17. Bh6 g6 18. Bxf8 Rxf8 19. Rfd1 Qc6 20. Rd2 Re8 21. Rad1 Qe4 22. Rd4 Qc6 23. Rd8 Rxd8 24. Rxd8+ Kg7 25. Qg4 Qb5 26. Qd4+ e5 27. Qd2 Qc6 28. Qg5 Qe4 29. h3 Qe1+ 30. Kh2 Qe4 31. Re8 f6 32. Re7+ 1-0

[Event "Figueres op 11th"]
[Site "Figueres"]
[Date "2010.08.14"]
[Round "4"]
[White "Vilanova Olmedo, Ignasi"]
[Black "Sabria Batlle, Pol"]
[Result "0-1"]
[WhiteElo "1687"]
[BlackElo "2211"]
[PlyCount "50"]
[EventDate "2010.08.11"]
[EventType "swiss"]
[EventRounds "9"]
[EventCountry "ESP"]
[SourceTitle "CBM 137 Extra"]
[Source "ChessBase"]
[SourceDate "2010.09.01"]
[SourceVersion "1"]
[SourceVersionDate "2010.09.01"]
[SourceQuality "1"]

1. d4 Nf6 2. Nf3 e6 3. c4 d5 4. e3 Be7 5. Bd3 0-0 6. 0-0 b6 7. b3 Bb7 8. Bb2 Nbd7 9. Nbd2 c5 10. dxc5 Nxc5 11. Be2 Rc8 12. Rc1 Nfe4 13. cxd5 Bxd5 14. Nxe4 Nxe4 15. Rxc8 Qxc8 16. Nd2 Nc3 17. Bxc3 Qxc3 18. Qc1 Rc8 19. Qxc3 Rxc3 20. Bd1 Rc1 21. Nc4 b5 22. Nd2 Ba3 23. Nf3 Ra1 24. Be2 Rxa2 25. Bxb5 Bxb3 0-1

[Event "Llinars del Valles op-B 4th"]
[Site "Llinars del Valles"]
[Date "2010.04.24"]
[Round "3"]
[White "Delgado Prada, Benjamin"]
[Black "Vilanova Olmedo, Ignasi"]
[Result "0-1"]
[WhiteElo "1750"]
[BlackElo "1640"]
[PlyCount "168"]
[EventDate "2010.04.10"]
[EventType "swiss"]
[EventRounds "7"]
[EventCountry "ESP"]
[SourceTitle "EXT 2012"]
[Source "ChessBase"]
[SourceDate "2011.11.24"]
[SourceVersion "1"]
[SourceVersionDate "2011.11.24"]
[SourceQuality "1"]

1. e4 c6 2. d4 d5 3. exd5 cxd5 4. Bd3 Qc7 5. Ne2 e6 6. Bf4 Bd6 7. Bxd6 Qxd6 8. c3 Nf6 9. 0-0 0-0 10. Ng3 Nc6 11. Nd2 e5 12. dxe5 Nxe5 13. Bc2 Ng6 14. h3 Qc6 15. Nf3 b5 16. Nd4 Qb6 17. Re1 Bb7 18. Qd2 Rfe8 19. Rad1 Ne5 20. Ndf5 Bc8 21. Qg5 Bxf5 22. Nxf5 Ng6 23. Rxe8+ Rxe8 24. Ne3 Re5 25. Qg3 Nh5 26. Qf3 Nh4 27. Qg4 Ng6 28. Rxd5 Nf6 29. Qf3 Nxd5 30. Nxd5 Qd6 31. Ne3 Re8 32. Bb3 Qc7 33. g3 Ne5 34. Qd5 Qc6 35. f4 Qxd5 36. Nxd5 Nd3 37. Nc7 Rb8 38. Na6 Rb7 39. Nb4 Nxb2 40. Kf2 Nc4 41. a4 Na5 42. Bd5 Rb6 43. axb5 Rxb5 44. Ke3 Nb7 45. Kd4 a5 46. Nd3 Nd8 47. c4 Rb1 48. c5 Rb8 49. c6 Rc8 50. Kc5 Kf8 51. Kd6 Ne6 52. f5 Rd8+ 53. Ke5 Nc7 54. Be4 f6+ 55. Kf4 Ke7 56. Nc5 Nd5+ 57. Kf3 Nc7 58. Ke3 Rc8 59. Kd4 Nb5+ 60. Kd3 Na7 61. Nb7 Nxc6 62. Bxc6 Rxc6 63. Nxa5 Ra6 64. Nc4 Ra1 65. Ke3 Rf1 66. Ke4 Rh1 67. h4 Re1+ 68. Kf3 Rc1 69. Ne3 g5 70. hxg5 fxg5 71. g4 Kf7 72. Ke4 Rh1 73. Nd5 Rh4 74. Kf3 Rh3+ 75. Kf2 Rd3 76. Ne3 Kf6 77. Nc4 Rc3 78. Nd6 Ke5 79. Nf7+ Kf4 80. Nh6 Rc2+ 81. Kg1 Kf3 82. f6 Kg3 83. Kf1 Rf2+ 84. Ke1 Rxf6 0-1

[Event "Benidorm New Generation U16 05th"]
[Site "Benidorm"]
[Date "2009.12.05"]
[Round "2.8"]
[White "Marquez Ortiz de Zarate, Alberto"]
[Black "Vilanova Olmedo, Ignasi"]
[Result "1-0"]
[WhiteElo "2008"]
[BlackElo "1630"]
[PlyCount "51"]
[EventDate "2009.12.04"]
[EventType "swiss"]
[EventRounds "7"]
[EventCountry "ESP"]
[SourceTitle "EXT 2024"]
[Source "ChessBase"]
[SourceDate "2023.10.10"]
[SourceVersion "1"]
[SourceVersionDate "2023.10.10"]
[SourceQuality "1"]

1. e4 c6 2. d4 d5 3. e5 Bf5 4. Ne2 e6 5. Ng3 Bg6 6. h4 h5 7. Nd2 Qb6 8. Nb3 c5 9. dxc5 Bxc5 10. Nxc5 Qxc5 11. Bd3 Bxd3 12. Qxd3 Nd7 13. f4 Rc8 14. c3 Qb6 15. Qe2 d4 16. Ne4 Rc6 17. Nd6+ Rxd6 18. exd6 dxc3 19. Qc4 Qxd6 20. Qc8+ Ke7 21. bxc3 Nc5 22. 0-0 Kf6 23. f5 Ke7 24. fxe6 Nxe6 25. Qxb7+ Qc7 26. Ba3+ 1-0